[Event "2.BLS 1617 SC Heusenstamm - SC Emmendin"]
[Site "?"]
[Date "2017.02.19"]
[Round "6.4"]
[White "Weichhold, Pawel"]
[Black "Korpa, Bence"]
[Result "0-1"]
[WhiteElo "2423"]
[BlackElo "2486"]
[PlyCount "118"]
[EventDate "2017.??.??"]

1. e4 c5 2. Nf3 e6 3. d4 cxd4 4. Nxd4 Nc6 5. Nc3 Qc7 6. Be3 Nf6 7. f4 Bb4 8.
Ndb5 Qa5 9. e5 Nd5 10. Bd2 Nxc3 11. bxc3 Bc5 12. c4 Qd8 13. Bd3 O-O 14. Qh5 g6
15. Qh6 d5 16. exd6 a6 17. Bc3 e5 18. Nc7 Qxd6 19. Nd5 Re8 20. h4 Bd4 21. Bxd4
Nxd4 22. h5 Nf5 23. Bxf5 exf4+ 24. Kd2 Bxf5 25. hxg6 Bxg6 26. Rae1 b5 27. Qxf4
Qxf4+ 28. Nxf4 Red8+ 29. Kc1 bxc4 30. Nxg6 hxg6 31. Rh4 c3 32. Re3 Rd2 33. Rg4
Rc8 34. Rxc3 Rxc3 35. Kxd2 Ra3 36. c4 Kf8 37. Kc2 Rxa2+ 38. Kb3 Re2 39. c5 Ke7
40. Kc4 Ke6 41. Kd3 Rb2 42. Rd4 a5 43. Rd8 Ke7 44. Ra8 Rxg2 45. Rxa5 f5 46. Ra6
Rg1 47. Kd4 Kf7 48. Ke5 Re1+ 49. Kf4 Kg7 50. Ra4 Rc1 51. Kg5 Rg1+ 52. Kh4 Rh1+
53. Kg3 Rc1 54. Kf4 Kh6 55. Ra5 Kh5 56. Rb5 Rc4+ 57. Ke5 f4 58. Kd5 Rc1 59. Ke4
Kg4 0-1

[Event "2.BLS 1617 SC Heusenstamm - SC Emmendin"]
[Site "?"]
[Date "2017.02.19"]
[Round "6.5"]
[White "Weidemann, Joerg"]
[Black "Barski, Radoslaw"]
[Result "0-1"]
[WhiteElo "2305"]
[BlackElo "2404"]
[PlyCount "76"]
[EventDate "2017.??.??"]

1. e4 c5 2. Nf3 d6 3. c3 Nf6 4. Bd3 Nc6 5. Bc2 Bg4 6. h3 Bh5 7. d3 e6 8. Nbd2
Be7 9. O-O O-O 10. Re1 d5 11. e5 Nd7 12. g4 Bg6 13. Nf1 b5 14. a4 b4 15. Bf4
bxc3 16. bxc3 Rb8 17. Ra2 d4 18. c4 Nb4 19. Ra1 Nxc2 20. Qxc2 Qb6 21. Reb1 Qc6
22. Rxb8 Rxb8 23. N1d2 Bd8 24. Ne1 Bc7 25. Ndf3 Qb7 26. Kf1 f6 27. a5 Nxe5 28.
Bxe5 fxe5 29. Ng5 Qh1+ 30. Ke2 h6 31. Rd1 hxg5 32. Nf3 Qxh3 33. Rg1 e4 34. dxe4
Bf4 35. a6 Qh7 36. Rb1 Rxb1 37. Qxb1 Bxe4 38. Qb5 d3+ 0-1

[Event "2.BLS 1617 SC Heusenstamm - SC Emmendin"]
[Site "?"]
[Date "2017.02.19"]
[Round "6.6"]
[White "Solonar, Stefan"]
[Black "Bauer, Andreas"]
[Result "1/2-1/2"]
[WhiteElo "2325"]
[BlackElo "2246"]
[PlyCount "87"]
[EventDate "2017.??.??"]

1. c4 Nf6 2. Nc3 g6 3. e4 d6 4. d4 Bg7 5. Nf3 O-O 6. Be2 e5 7. O-O Nc6 8. d5
Ne7 9. Nd2 Ne8 10. b4 f5 11. c5 Nf6 12. f3 f4 13. Nc4 g5 14. a4 Ng6 15. Ba3 Rf7
16. cxd6 cxd6 17. b5 Bf8 18. b6 a6 19. Rb1 h5 20. h3 g4 21. fxg4 hxg4 22. hxg4
Rh7 23. Rb3 Rh4 24. Nd2 Nxg4 25. Bxg4 Bxg4 26. Nf3 Rc8 27. Qe1 Rh7 28. a5 Be7
29. Nd1 Nh4 30. Nh2 Qd7 31. Nf2 Bh5 32. g4 fxg3 33. Rxg3+ Rg7 34. Rxg7+ Kxg7
35. Qe3 Rf8 36. Bc1 Rf6 37. Qh3 Rg6+ 38. Kh1 Qb5 39. Nfg4 Qe2 40. Nf2 Rg2 41.
Qd7 Bf3 42. Qxe7+ Kg8 43. Qe6+ Kg7 44. Qh6+ 1/2-1/2

[Event "2.BLS 1617 SC Heusenstamm - SC Emmendin"]
[Site "?"]
[Date "2017.02.19"]
[Round "6.7"]
[White "Rahnfeld, Jens"]
[Black "Klundt, Klaus"]
[Result "0-1"]
[WhiteElo "2281"]
[BlackElo "2304"]
[PlyCount "78"]
[EventDate "2017.??.??"]

1. e4 c5 2. Nf3 e6 3. d4 cxd4 4. Nxd4 Nc6 5. Nc3 Qc7 6. Be3 a6 7. Qd2 Nf6 8.
O-O-O Bb4 9. f3 b5 10. Bf4 Ne5 11. Nc6 Qxc6 12. Bxe5 Be7 13. a3 Bb7 14. g4 h6
15. h4 O-O-O 16. Bh3 d6 17. Bd4 Kb8 18. g5 hxg5 19. hxg5 Nd7 20. f4 Nc5 21. Bg2
Rxh1 22. Rxh1 a5 23. b4 axb4 24. axb4 e5 25. Be3 exf4 26. Bxf4 Ne6 27. Nd5 Qa6
28. Kb2 Bxd5 29. exd5 Nxf4 30. Qxf4 Rc8 31. c3 Qb6 32. Be4 Qc7 33. Rh3 Qc4 34.
Re3 f6 35. gxf6 Bxf6 36. Qxd6+ Ka7 37. Bc2 Bxc3+ 38. Ka3 Bb2+ 39. Kxb2 Qxc2+
0-1

[Event "2.BLS 1617 SC Heusenstamm - SC Emmendin"]
[Site "?"]
[Date "2017.02.19"]
[Round "6.8"]
[White "von Rahden, Arvid"]
[Black "Ehret, Thomas"]
[Result "1/2-1/2"]
[WhiteElo "2204"]
[BlackElo "2063"]
[PlyCount "83"]
[EventDate "2017.??.??"]

1. e4 e6 2. d4 d5 3. Nc3 Nf6 4. Bg5 dxe4 5. Nxe4 Be7 6. Nxf6+ Bxf6 7. Bxf6 Qxf6
8. c3 O-O 9. Qf3 Nd7 10. Bd3 Rb8 11. Qxf6 Nxf6 12. Nf3 b6 13. Ne5 Bb7 14. f3
Rfd8 15. O-O-O Nd5 16. Be4 f6 17. Nd3 Ne3 18. Rd2 Bxe4 19. fxe4 e5 20. Nb4 Nc4
21. Rd3 exd4 22. cxd4 Rd7 23. b3 Nd6 24. e5 Ne4 25. Re1 f5 26. Nc6 Re8 27. d5
Nc3 28. Rd4 a5 29. Rf1 g6 30. h4 Ne4 31. Rf3 h5 32. Kc2 Kg7 33. Rd1 Kh7 34. Rd4
Kg7 35. Kd3 Nc5+ 36. Kc4 Kh7 37. a3 Ne4 38. Kd3 Nc5+ 39. Kc4 Ne4 40. Rd1 Ra8
41. Rd4 Re8 42. Kd3 {(=)} 1/2-1/2

[Event "2.BLS 1617 SC Deizisau - TSV Schönaich"]
[Site "?"]
[Date "2017.02.19"]
[Round "6.3"]
[White "Volke, Karsten"]
[Black "Gupta, Abhijeet"]
[Result "1-0"]
[WhiteElo "2461"]
[BlackElo "2645"]
[PlyCount "55"]
[EventDate "2017.??.??"]

1. d4 Nf6 2. c4 g6 3. Nc3 d5 4. cxd5 Nxd5 5. e4 Nxc3 6. bxc3 Bg7 7. Bc4 O-O 8.
Ne2 c5 9. Be3 Nc6 10. h4 cxd4 11. cxd4 Qa5+ 12. Kf1 Qa3 13. Qd2 Qb4 14. Qc1 Bd7
15. Rb1 Qa4 16. Bb3 Qa6 17. Bc4 Qa4 18. Bb3 Qa5 19. Bd2 Qd8 20. Bh6 Nxd4 21.
Bxg7 Nxe2 22. Qh6 Bb5 23. Be5 Nf4+ 24. Kg1 Nh5 25. g4 Nf6 26. h5 Qc8 27. Bxf6
exf6 28. hxg6 1-0

[Event "2.BLS 1617 SC Deizisau - TSV Schönaich"]
[Site "?"]
[Date "2017.02.19"]
[Round "6.4"]
[White "Krasenkow, Michal"]
[Black "Menezes, Christoph"]
[Result "1/2-1/2"]
[WhiteElo "2618"]
[BlackElo "2404"]
[PlyCount "95"]
[EventDate "2017.??.??"]

1. d4 Nf6 2. c4 g6 3. Nc3 d5 4. cxd5 Nxd5 5. e4 Nxc3 6. bxc3 Bg7 7. Qa4+ Nd7 8.
Bg5 O-O 9. Nf3 c5 10. Qa3 Nf6 11. Bxf6 exf6 12. Qxc5 Re8 13. Bd3 b6 14. Qc6 Bg4
15. Nd2 Rc8 16. Qa4 Rxc3 17. Bb5 Re7 18. O-O Rec7 19. Nf3 Bc8 20. d5 f5 21.
exf5 Bxf5 22. Rae1 Qd6 23. Re8+ Bf8 24. Rfe1 Rc8 25. Qxa7 Qxd5 26. Qxb6 Rxe8
27. Bxe8 Qd6 28. Qxd6 Bxd6 29. Nd4 Bd3 30. Bb5 Bc5 31. Bxd3 Bxd4 32. Rd1 Bc5
33. Kf1 Kg7 34. Ke2 h6 35. Rd2 Ba3 36. Be4 f5 37. Rd7+ Kf6 38. Bd3 Be7 39. Rb7
Bc5 40. Rb5 Bxf2 41. a4 Ra3 42. Kxf2 Rxd3 43. Rb6+ Kg5 44. a5 Ra3 45. a6 Ra2+
46. Kf3 Ra3+ 47. Ke2 Ra2+ 48. Kf3 1/2-1/2

[Event "2.BLS 1617 SC Deizisau - TSV Schönaich"]
[Site "?"]
[Date "2017.02.19"]
[Round "6.5"]
[White "Fischer, Sebastian"]
[Black "Kozul, Zdenko"]
[Result "0-1"]
[WhiteElo "2190"]
[BlackElo "2616"]
[PlyCount "120"]
[EventDate "2017.??.??"]

1. d4 Nf6 2. Nf3 g6 3. Bg5 Bg7 4. c3 d6 5. Nbd2 h6 6. Bh4 g5 7. Bg3 Nh5 8. e4
a6 9. Nc4 e6 10. Nfd2 Nxg3 11. hxg3 O-O 12. Qb3 Nd7 13. Ne3 c5 14. Nf3 cxd4 15.
cxd4 Qa5+ 16. Qc3 Qxc3+ 17. bxc3 b5 18. Ng4 Bb7 19. Nxh6+ Bxh6 20. Rxh6 Bxe4
21. Nxg5 Bg6 22. Kd2 Kg7 23. Rh4 Rfc8 24. Bd3 Bxd3 25. Kxd3 Nf6 26. Ne4 Nxe4
27. Rxe4 Rc4 28. d5 exd5 29. Rd4 Rac8 30. Rxd5 Rxc3+ 31. Ke4 R8c4+ 32. Rd4
Rxd4+ 33. Kxd4 Rc2 34. Ke3 b4 35. Rd1 Rxa2 36. Rxd6 a5 37. Rb6 Ra3+ 38. Kd4 b3
39. Kc3 a4 40. Rb4 Ra2 41. g4 Rc2+ 42. Kd3 Rxf2 43. Rxa4 Rxg2 44. Ke3 Kf6 45.
Kf3 Rc2 46. Ra5 Ke6 47. Rb5 b2 48. Ke4 f6 49. Rb6+ Kd7 50. Kd5 Rd2+ 51. Kc5 Ke7
52. Kc4 Rg2 53. Kd3 Kd7 54. Ke3 Kc7 55. Rb4 Kd6 56. Rb5 Kc6 57. Rb8 Kd5 58. Rb4
Kc5 59. Rb8 Kc4 60. Kf3 Rd2 0-1

[Event "2.BLS 1617 SC Deizisau - TSV Schönaich"]
[Site "?"]
[Date "2017.02.19"]
[Round "6.6"]
[White "Lagarde, Maxime"]
[Black "Steinhart, Christoph"]
[Result "1-0"]
[WhiteElo "2600"]
[BlackElo "2017"]
[PlyCount "41"]
[EventDate "2017.??.??"]

1. e4 c5 2. Nf3 d6 3. d4 cxd4 4. Qxd4 Nc6 5. Bb5 Bd7 6. Bxc6 bxc6 7. Bg5 Qb6 8.
Qc3 Rb8 9. b3 Nf6 10. Nbd2 h6 11. Bxf6 gxf6 12. O-O Bg7 13. Nh4 e6 14. Qg3 Ke7
15. Nc4 Qc5 16. Qxg7 Rbg8 17. Ng6+ Ke8 18. Qxf6 fxg6 19. e5 dxe5 20. Rad1 Qe7
21. Nd6+ 1-0

[Event "2.BLS 1617 SC Deizisau - TSV Schönaich"]
[Site "?"]
[Date "2017.02.19"]
[Round "6.7"]
[White "Kuebler, Marcus"]
[Black "Graf, Alexander"]
[Result "0-1"]
[WhiteElo "2003"]
[BlackElo "2581"]
[PlyCount "74"]
[EventDate "2017.??.??"]

1. Nf3 g6 2. e4 d6 3. d4 Nf6 4. Nc3 Bg7 5. Bc4 O-O 6. O-O Bg4 7. h3 Bxf3 8.
Qxf3 Nc6 9. Ne2 e5 10. c3 exd4 11. cxd4 Qe7 12. Bd3 Rfe8 13. Bg5 h6 14. Bxf6
Qxf6 15. Qxf6 Bxf6 16. Rac1 Re7 17. Rc4 Rd8 18. Ra4 a6 19. Rc1 b5 20. Rxc6 bxa4
21. Rxa6 Rb8 22. Rxa4 Rxb2 23. f3 Rd2 24. Ra3 c5 25. dxc5 dxc5 26. Bc4 Rc2 27.
Ra4 Rb7 28. Kf2 Bd4+ 29. Kg3 Be3 30. Nf4 Rb4 31. Ra8+ Kg7 32. Bb3 Bxf4+ 33.
Kxf4 Rxg2 34. Rc8 c4 35. Rxc4 g5+ 36. Ke5 Rxc4 37. Bxc4 Rf2 0-1

[Event "2.BLS 1617 SC Deizisau - TSV Schönaich"]
[Site "?"]
[Date "2017.02.19"]
[Round "6.8"]
[White "Schlosser, Philipp"]
[Black "Malich, Roman"]
[Result "1-0"]
[WhiteElo "2520"]
[BlackElo "1737"]
[PlyCount "71"]
[EventDate "2017.??.??"]

1. c4 f5 2. g3 Nf6 3. Bg2 e6 4. Nf3 Be7 5. O-O O-O 6. d4 d6 7. Nc3 Ne4 8. Nxe4
fxe4 9. Nd2 d5 10. f3 Nc6 11. fxe4 Rxf1+ 12. Kxf1 dxc4 13. Nf3 Bd7 14. Be3 Be8
15. Bf2 Bf6 16. b3 cxb3 17. Qxb3 Qc8 18. Rc1 Bf7 19. Bh3 Nd8 20. Be3 h6 21. Bf4
c6 22. Qb4 Qd7 23. Bd6 a5 24. Qa3 g5 25. e5 Bg7 26. Nd2 b6 27. Bg2 Rc8 28. Nc4
Qa7 29. Qb2 b5 30. Bc5 Qa8 31. Nb6 Qb7 32. Nxc8 Qxc8 33. Bb6 a4 34. Qxb5 Qd7
35. Qxa4 Be8 36. Qa8 1-0

[Event "2.BLS 1617 TSV Schönaich - SC Eppingen"]
[Site "?"]
[Date "2017.03.19"]
[Round "7.1"]
[White "Breder, Dennis"]
[Black "Ivanisevic, Ivan"]
[Result "1/2-1/2"]
[WhiteElo "2463"]
[BlackElo "2638"]
[PlyCount "103"]
[EventDate "2017.??.??"]

1. e4 c5 2. Nf3 e6 3. c3 d5 4. exd5 exd5 5. d4 a6 6. Bd3 c4 7. Bc2 Bd6 8. O-O
Ne7 9. b3 cxb3 10. axb3 Nbc6 11. Ba3 O-O 12. Re1 Bf5 13. Bxf5 Nxf5 14. Qd3 g6
15. Nbd2 Rc8 16. Nf1 Bxa3 17. Rxa3 Qc7 18. Ne3 Nce7 19. Nd1 Rfe8 20. Ra2 Nc6
21. Rae2 Rxe2 22. Rxe2 Qb6 23. b4 Na7 24. Ne5 Nb5 25. g4 Nh4 26. Qg3 g5 27. Nf3
Ng6 28. Nxg5 Qf6 29. Nh3 Nd6 30. g5 Qf5 31. Qxd6 Qxh3 32. Qg3 Qh5 33. f3 Nh4
34. Kf2 h6 35. gxh6+ Ng6 36. Qg4 Qxh2+ 37. Ke1 Qh1+ 38. Kd2 Qxh6+ 39. Kc2 Rd8
40. Nf2 Qh2 41. Qg5 Rd6 42. Kd2 Qf4+ 43. Qxf4 Nxf4 44. Re8+ Kg7 45. Nd3 Nxd3
46. Kxd3 Kg6 47. c4 dxc4+ 48. Kxc4 Rc6+ 49. Kd3 Rb6 50. Kc4 Rc6+ 51. Kd3 Rb6
52. Kc4 1/2-1/2

[Event "2.BLS 1617 TSV Schönaich - SC Eppingen"]
[Site "?"]
[Date "2017.03.19"]
[Round "7.2"]
[White "Bosiocic, Marin"]
[Black "Noe, Christopher"]
[Result "0-1"]
[WhiteElo "2602"]
[BlackElo "2429"]
[PlyCount "66"]
[EventDate "2017.??.??"]

1. e4 e5 2. Nf3 Nc6 3. Bb5 a6 4. Ba4 Nf6 5. d3 d6 6. c3 g6 7. Nbd2 Bg7 8. Nf1
O-O 9. Ng3 b5 10. Bc2 d5 11. O-O Re8 12. Bg5 h6 13. exd5 hxg5 14. dxc6 g4 15.
Ng5 Bh6 16. N5e4 Nxe4 17. dxe4 Qh4 18. Qe2 Bf4 19. Rfd1 Kg7 20. Nf1 Bxh2+ 21.
Nxh2 Rh8 22. Qe3 Qxh2+ 23. Kf1 Qh1+ 24. Ke2 Qxg2 25. Rg1 Qh3 26. Bb3 Qxe3+ 27.
Kxe3 f5 28. Rad1 f4+ 29. Kd2 g3 30. fxg3 Bg4 31. Rdf1 Rh2+ 32. Kc1 Be2 33. Rh1
Bxf1 0-1

[Event "2.BLS 1617 TSV Schönaich - SC Eppingen"]
[Site "?"]
[Date "2017.03.19"]
[Round "7.3"]
[White "Medvegy, Zoltan"]
[Black "Danin, Alexandre"]
[Result "1/2-1/2"]
[WhiteElo "2534"]
[BlackElo "2585"]
[PlyCount "96"]
[EventDate "2017.??.??"]

1. c4 Nf6 2. Nf3 c5 3. g3 d5 4. cxd5 Nxd5 5. Bg2 Nc6 6. d4 Nb6 7. dxc5 Qxd1+ 8.
Kxd1 Na4 9. Nc3 Nxc3+ 10. bxc3 e5 11. Ba3 f6 12. Rb1 Be6 13. Nd2 O-O-O 14. Bxc6
bxc6 15. Rb2 Rd7 16. Kc2 Rb7 17. Rxb7 Kxb7 18. Rd1 Kc7 19. Kb2 Be7 20. Ne4 Rb8+
21. Ka1 Bd5 22. Nd6 Bxd6 23. cxd6+ Kd7 24. Rb1 Rxb1+ 25. Kxb1 Bc4 26. e3 e4 27.
Bc5 a6 28. Kb2 h5 29. Ka3 f5 30. Kb2 g6 31. Kb1 Ke6 32. Ka1 Kd7 33. Kb2 Ke6 34.
Bb4 Kd7 35. a4 a5 36. Bc5 g5 37. Ka3 g4 38. Kb2 Ke6 39. Kc2 Kd7 40. Kb2 Ke6 41.
Ka3 Kd7 42. Bb6 Kxd6 43. Bxa5 c5 44. Bd8 Kc6 45. Be7 Kd5 46. a5 Kc6 47. Ka4 Kd5
48. Bf8 Kc6 1/2-1/2

[Event "2.BLS 1617 TSV Schönaich - SC Eppingen"]
[Site "?"]
[Date "2017.03.19"]
[Round "7.4"]
[White "Saric, Ante"]
[Black "Guliyev, Namig"]
[Result "1/2-1/2"]
[WhiteElo "2540"]
[BlackElo "2571"]
[PlyCount "74"]
[EventDate "2017.??.??"]

1. d4 d5 2. Nf3 Nf6 3. c4 dxc4 4. e3 a6 5. Bxc4 e6 6. O-O c5 7. Nc3 b5 8. Be2
Bb7 9. dxc5 Qxd1 10. Rxd1 Bxc5 11. Nd2 Nbd7 12. Nb3 Bb4 13. Bd2 O-O 14. a4 bxa4
15. Nxa4 Bxd2 16. Rxd2 Bd5 17. Na5 Rfc8 18. Nc3 Nc5 19. Nxd5 Nxd5 20. Bf3 Rab8
21. Bxd5 exd5 22. Rxd5 g6 23. h3 Rxb2 24. Nc4 Rc2 25. Ne5 Rc7 26. Rd4 Kg7 27.
Rc4 Rxc4 28. Nxc4 Nb3 29. Ra4 Rc5 30. Rb4 Nc1 31. Nd6 Rc6 32. Ne4 a5 33. Rb7 h6
34. g4 Nd3 35. Ra7 Nc5 36. Nxc5 Rxc5 37. Kg2 h5 1/2-1/2

[Event "2.BLS 1617 TSV Schönaich - SC Eppingen"]
[Site "?"]
[Date "2017.03.19"]
[Round "7.5"]
[White "Mesaros, Florian"]
[Black "Martinovic, Sasa"]
[Result "1-0"]
[WhiteElo "2373"]
[BlackElo "2550"]
[PlyCount "179"]
[EventDate "2017.??.??"]

1. Nf3 d5 2. d4 Nf6 3. c4 e6 4. g3 Bb4+ 5. Bd2 Be7 6. Bg2 c6 7. Qc2 O-O 8. O-O
Nbd7 9. Rd1 b6 10. b3 a5 11. Bc3 Ne4 12. Ne5 Nxe5 13. Bxe4 f5 14. Bg2 Nf7 15.
Nd2 Ba6 16. e3 Qd7 17. a4 Rac8 18. Qb2 Qa7 19. b4 axb4 20. Bxb4 c5 21. Bc3 dxc4
22. dxc5 Rxc5 23. Bxg7 Rfc8 24. Bc3 Bb7 25. e4 Bd6 26. Re1 Ne5 27. Nf3 Nd3 28.
Qd2 f4 29. Re2 Rf8 30. Nd4 Bc8 31. e5 Be7 32. Be4 Bg5 33. Bxd3 cxd3 34. Qxd3
Ba6 35. Nb5 Bxb5 36. axb5 Qc7 37. Bb4 Rd8 38. Qe4 Rc4 39. Qb1 f3 40. Re1 Qf7
41. Bd6 Rdc8 42. Qd3 Rc3 43. Qe4 R3c4 44. Qd3 Rc3 45. Ra8 Rxd3 46. Rxc8+ Kg7
47. Rc7 Rb3 48. h4 Bd2 49. Rd1 Rb2 50. Rxf7+ Kxf7 51. Ra1 Rxb5 52. Ra3 Rb1+ 53.
Kh2 b5 54. Rxf3+ Kg7 55. Rf6 b4 56. h5 h6 57. Rxe6 b3 58. Re7+ Kg8 59. e6 Bc3
60. Re8+ Kg7 61. e7 Re1 62. Rb8 b2 63. Ba3 Kf7 64. Bxb2 Bxb2 65. Rxb2 Rxe7 66.
Kh3 Kf6 67. Kg4 Rg7+ 68. Kf3 Ra7 69. Rb6+ Kg7 70. Kg4 Rc7 71. f4 Ra7 72. Re6
Ra5 73. Re5 Ra7 74. Rb5 Rf7 75. Rb6 Ra7 76. Rg6+ Kh7 77. Re6 Kg7 78. Kf5 Ra5+
79. Re5 Ra7 80. g4 Rf7+ 81. Ke4 Ra7 82. g5 Ra1 83. Re7+ Kg8 84. Re6 hxg5 85.
fxg5 Kf7 86. Rf6+ Kg7 87. h6+ Kh7 88. Rf7+ Kg8 89. Rg7+ Kh8 90. Rb7 1-0

[Event "2.BLS 1617 TSV Schönaich - SC Eppingen"]
[Site "?"]
[Date "2017.03.19"]
[Round "7.6"]
[White "Volke, Karsten"]
[Black "Hacker, Jonas"]
[Result "1-0"]
[WhiteElo "2461"]
[BlackElo "2318"]
[PlyCount "91"]
[EventDate "2017.??.??"]

1. d4 d5 2. c4 c6 3. Nf3 Nf6 4. Nc3 a6 5. e3 b5 6. b3 Bg4 7. h3 Bxf3 8. Qxf3 e5
9. c5 Nbd7 10. g4 g6 11. Qe2 Bg7 12. f4 exd4 13. exd4+ Qe7 14. Bb2 Qxe2+ 15.
Bxe2 O-O-O 16. a4 Ne4 17. Nxe4 dxe4 18. axb5 axb5 19. b4 f5 20. Rg1 Bf6 21. Kf2
Kb7 22. Ke3 Nf8 23. Ra2 Ne6 24. Rga1 Nc7 25. Ra7+ Kb8 26. g5 Bg7 27. Rxc7 Kxc7
28. Ra7+ Kc8 29. Rxg7 Rd7 30. d5 Rxg7 31. Bxg7 Rg8 32. Bb2 Kd7 33. d6 Ra8 34.
Kd2 Ra2 35. Kc3 Ra8 36. Bd1 e3 37. Kb3 Re8 38. Be5 Ra8 39. h4 Ra4 40. Bd4 Ra8
41. Bxe3 Ra1 42. Kc2 Ra2+ 43. Kc3 Rh2 44. h5 Rh1 45. hxg6 hxg6 46. Bb3 1-0

[Event "2.BLS 1617 TSV Schönaich - SC Eppingen"]
[Site "?"]
[Date "2017.03.19"]
[Round "7.7"]
[White "Gibicar, Danijel"]
[Black "Plenca, Jadranko"]
[Result "0-1"]
[WhiteElo "2254"]
[BlackElo "2422"]
[PlyCount "62"]
[EventDate "2017.??.??"]

1. e4 e5 2. Nf3 Nc6 3. Bb5 a6 4. Ba4 Nf6 5. d3 d6 6. c3 g6 7. d4 Bd7 8. d5 Ne7
9. Bxd7+ Qxd7 10. Qc2 Qg4 11. Nbd2 Qxg2 12. Rg1 Qh3 13. Qd3 Qd7 14. Nf1 Bg7 15.
Ng3 O-O 16. Bd2 Nexd5 17. O-O-O Nf4 18. Bxf4 exf4 19. Ne2 Qb5 20. c4 Qb6 21.
Nfd4 c5 22. Nb3 a5 23. Nc3 a4 24. Nd2 Nd7 25. Nb5 Ne5 26. Qe2 a3 27. b3 Nc6 28.
Nf3 Nb4 29. Qd2 d5 30. e5 dxc4 31. bxc4 Qe6 0-1

[Event "2.BLS 1617 TSV Schönaich - SC Eppingen"]
[Site "?"]
[Date "2017.03.19"]
[Round "7.8"]
[White "Fischer, Sebastian"]
[Black "Muetsch, Annmarie"]
[Result "1-0"]
[WhiteElo "2190"]
[BlackElo "2005"]
[PlyCount "79"]
[EventDate "2017.??.??"]

1. d4 Nf6 2. Nf3 e6 3. Bg5 d5 4. Nbd2 Be7 5. e3 O-O 6. Bd3 c5 7. c3 Nc6 8. Ne5
h6 9. h4 Nd7 10. f4 Ndxe5 11. dxe5 d4 12. exd4 cxd4 13. Qe2 dxc3 14. bxc3 Qa5
15. Rc1 Rd8 16. Qe4 g6 17. Bxh6 Qxa2 18. h5 Qd5 19. Qxd5 exd5 20. hxg6 f6 21.
exf6 Bxf6 22. Nf3 Ne7 23. Bg5 Bxg5 24. Nxg5 Bf5 25. Bxf5 Nxf5 26. Kf2 Ne7 27.
Rh7 Nxg6 28. g3 Rac8 29. Rxb7 Nf8 30. Ra1 Rd7 31. Rxd7 Nxd7 32. Rxa7 Nf6 33.
Ra3 Kg7 34. Kf3 Kg6 35. g4 Rh8 36. Kg3 Rh1 37. Ra6 Rg1+ 38. Kf3 Rf1+ 39. Ke3
Rg1 40. Nf3 1-0

[Event "2.BLS 1617 SC Emmendingen - SC Deizisau"]
[Site "?"]
[Date "2017.03.19"]
[Round "7.3"]
[White "Krasenkow, Michal"]
[Black "Korpa, Bence"]
[Result "1/2-1/2"]
[WhiteElo "2618"]
[BlackElo "2486"]
[PlyCount "56"]
[EventDate "2017.??.??"]

1. d4 Nf6 2. c4 e6 3. Nf3 d5 4. Bg5 dxc4 5. Qa4+ c6 6. Qxc4 Nbd7 7. Nc3 h6 8.
Bd2 c5 9. e4 a6 10. dxc5 Nxc5 11. e5 Nd5 12. Nxd5 exd5 13. Qd4 Bf5 14. Qe3 Ne4
15. Rc1 Rc8 16. Rxc8 Qxc8 17. Nd4 Bc5 18. Bc3 O-O 19. Bd3 Nxc3 20. bxc3 Bxd4
21. Qxd4 Bxd3 22. Qxd3 Re8 23. f4 d4 24. Qxd4 Rd8 25. Qb4 Qc6 26. O-O Rd2 27.
Rf2 Rd1+ 28. Rf1 Rd2 1/2-1/2

[Event "2.BLS 1617 SC Emmendingen - SC Deizisau"]
[Site "?"]
[Date "2017.03.19"]
[Round "7.4"]
[White "Shevchenko, Kirill"]
[Black "Kozul, Zdenko"]
[Result "1-0"]
[WhiteElo "2453"]
[BlackElo "2616"]
[PlyCount "115"]
[EventDate "2017.??.??"]

1. e4 c5 2. Nf3 d6 3. d4 cxd4 4. Nxd4 Nf6 5. Nc3 a6 6. Be3 e6 7. Be2 Qc7 8. Qd2
b5 9. a3 Nbd7 10. O-O-O Rb8 11. f3 Ne5 12. Ndxb5 axb5 13. Nxb5 Rxb5 14. Bxb5+
Bd7 15. Bxd7+ Nexd7 16. Bf4 e5 17. Bg5 Be7 18. Rhe1 O-O 19. Re3 Nc5 20. Rc3 Qb7
21. Bxf6 gxf6 22. Qd5 Qb6 23. Rc4 Qa6 24. Kb1 Rc8 25. Re1 Bf8 26. g3 Qa7 27.
Rd1 Rb8 28. Rb4 Rd8 29. f4 Rc8 30. Rc4 Qa6 31. Rf1 Re8 32. Re1 Bh6 33. f5 Bd2
34. Rd1 Be3 35. Ka2 Rb8 36. c3 Na4 37. Rc7 Rf8 38. Qc6 Bb6 39. Qc4 Qa8 40. Rc6
Rb8 41. b3 Nc5 42. Rdxd6 Nxe4 43. Qxe4 Bc5 44. Qa4 Qxa4 45. bxa4 Bxd6 46. Rxd6
Kg7 47. a5 Ra8 48. a6 Kh6 49. c4 Kg5 50. Kb3 Kg4 51. Kb4 e4 52. Ka5 e3 53. Rd1
Kxf5 54. c5 Ke5 55. c6 e2 56. Re1 Kd6 57. Rxe2 Kxc6 58. Re7 1-0

[Event "2.BLS 1617 SC Emmendingen - SC Deizisau"]
[Site "?"]
[Date "2017.03.19"]
[Round "7.5"]
[White "Lagarde, Maxime"]
[Black "Lodici, Lorenzo"]
[Result "1-0"]
[WhiteElo "2600"]
[BlackElo "2393"]
[PlyCount "69"]
[EventDate "2017.??.??"]

1. c4 e6 2. Nf3 d5 3. e3 Nf6 4. b3 Be7 5. Bb2 O-O 6. Be2 c5 7. O-O Nc6 8. cxd5
Nxd5 9. d4 cxd4 10. Nxd4 Bd7 11. Nd2 Nxd4 12. Bxd4 Bf6 13. Nc4 Bc6 14. Bf3 Bxd4
15. Qxd4 Nb4 16. Qf4 Qe7 17. a3 Bxf3 18. Qxf3 Nc6 19. b4 Rac8 20. Rac1 b5 21.
Nd2 Ne5 22. Qe2 Qd6 23. Rxc8 Rxc8 24. Qxb5 Qxd2 25. Qxe5 h6 26. Qb5 Qb2 27. a4
g6 28. g3 Kg7 29. a5 a6 30. Qxa6 Rb8 31. Qc6 Rxb4 32. a6 Rb6 33. Qa4 Rb8 34. a7
Ra8 35. Qa1 1-0

[Event "2.BLS 1617 SC Emmendingen - SC Deizisau"]
[Site "?"]
[Date "2017.03.19"]
[Round "7.6"]
[White "Weidemann, Joerg"]
[Black "Graf, Alexander"]
[Result "0-1"]
[WhiteElo "2305"]
[BlackElo "2581"]
[PlyCount "52"]
[EventDate "2017.??.??"]

1. e4 g6 2. g3 Bg7 3. Bg2 c5 4. f4 Nc6 5. Nf3 d6 6. d3 b5 7. O-O Rb8 8. f5 gxf5
9. exf5 Qb6 10. Nh4 Nf6 11. Nc3 b4 12. Ne4 c4+ 13. Kh1 cxd3 14. cxd3 Ba6 15.
Re1 Nxe4 16. Bxe4 Rd8 17. Be3 Bd4 18. Rc1 d5 19. Bxd4 Nxd4 20. Bg2 Rd7 21. Re5
O-O 22. Qg4+ Kh8 23. Rce1 Rg8 24. Qf4 Nc2 25. Rxe7 Nxe1 26. Rxd7 Nxd3 0-1

[Event "2.BLS 1617 SC Emmendingen - SC Deizisau"]
[Site "?"]
[Date "2017.03.19"]
[Round "7.7"]
[White "Demuth, Adrien"]
[Black "Herbrechtsmeier, Christof"]
[Result "1-0"]
[WhiteElo "2525"]
[BlackElo "2215"]
[PlyCount "75"]
[EventDate "2017.??.??"]

1. d4 Nf6 2. c4 g6 3. Nc3 d5 4. Bg5 Ne4 5. Bh4 Nxc3 6. bxc3 dxc4 7. e3 Be6 8.
Nf3 Bh6 9. Rb1 b6 10. Ne5 O-O 11. Qf3 Qd5 12. Bxc4 Qxf3 13. gxf3 Bxc4 14. Nxc4
Re8 15. Bg3 Nd7 16. Ke2 Bg7 17. a4 a6 18. Rhd1 e5 19. f4 exd4 20. cxd4 Nf6 21.
Rdc1 Nd5 22. Ne5 f6 23. Nd3 a5 24. f5 Rad8 25. fxg6 hxg6 26. Kf3 Rd7 27. Nf4
Nxf4 28. Bxf4 Ree7 29. h4 Rf7 30. Rc6 g5 31. Bg3 gxh4 32. Bxh4 f5 33. Bg3 f4
34. Bxf4 Bxd4 35. exd4 Rxd4 36. Rg1+ Kf8 37. Rg4 Rxa4 38. Rxc7 1-0

[Event "2.BLS 1617 SC Emmendingen - SC Deizisau"]
[Site "?"]
[Date "2017.03.19"]
[Round "7.8"]
[White "Rahnfeld, Jens"]
[Black "Schlosser, Philipp"]
[Result "1/2-1/2"]
[WhiteElo "2281"]
[BlackElo "2520"]
[PlyCount "113"]
[EventDate "2017.??.??"]

1. e4 e6 2. d4 d5 3. Nd2 Nf6 4. e5 Nfd7 5. Bd3 c5 6. c3 Nc6 7. Ne2 a5 8. O-O a4
9. f4 cxd4 10. cxd4 Nb6 11. f5 exf5 12. Bxf5 Bxf5 13. Rxf5 Be7 14. Nf1 O-O 15.
Ne3 Qd7 16. Rf2 f6 17. exf6 Rxf6 18. Rxf6 Bxf6 19. Qd3 Nb4 20. Qd2 Be7 21. a3
Nc6 22. Qd3 Na5 23. Bd2 Nac4 24. Bc3 Re8 25. Nxc4 Nxc4 26. Ng3 g6 27. Re1 Bf6
28. Rxe8+ Qxe8 29. Qe2 Qc6 30. Qf3 Kf7 31. Ne2 Nd6 32. Ng3 Nb5 33. Ne2 Qe6 34.
Kf1 Qe4 35. Qxe4 dxe4 36. Ng3 Nxc3 37. bxc3 Be7 38. Nxe4 Bxa3 39. Ke2 b5 40.
Kd3 Ke6 41. c4 bxc4+ 42. Kxc4 Be7 43. g4 a3 44. Nc3 Bg5 45. Kb3 Bc1 46. Ne4 h6
47. h4 Bb2 48. h5 gxh5 49. gxh5 Kf5 50. Nd6+ Kg4 51. Nf7 Kxh5 52. d5 Kg6 53.
Nxh6 Kxh6 54. d6 Kg6 55. d7 Bf6 56. d8=Q Bxd8 57. Kxa3 1/2-1/2